| 000 | 00811cam a22001811 4500 | ||
|---|---|---|---|
| 082 |
_a620.003 _bENG _cL-13, P-18 |
||
| 100 | 1 |
_aJones, Franklin Day, _941993 |
|
| 245 | 1 | 0 |
_aEngineering encyclopedia; _ba condensed encyclopedia and mechanical dictionary for engineers, mechanics, technical schools, industrial plants, and public libraries, giving the most essential facts about 4500 important engineering subjects, _cedited by Franklin D. Jones ... |
| 250 | _a2d ed. | ||
| 260 |
_aNew York, _bIndustrial Press; Brighton, Eng., _bMachinery publishing co., ltd. _c[1943] |
||
| 300 |
_a2 v. _billus., diagrs. _c24 cm. |
||
| 500 | _aPaged continuously. | ||
| 526 |
_a0 _b0 _c0 _d620_003000000000000_ENG |
||
| 526 |
_a0 _b0 _c0 _d620_003000000000000_ENG |
||
| 650 | 0 | _aEngineering | |
| 650 | 0 |
_aMCE _9379 |
|
| 942 |
_2ddc _cBK |
||
| 999 |
_c550483 _d550483 |
||